Statistics for Biggest City in each U.S. State

Click here to take the quiz!

General Stats

  • This quiz has been taken 62,159 times
    (29,026 since last reset)
  • The average score is 34 of 50

Answer Stats

State Population City % Correct
California3,990,456Los Angeles
98%
New York8,398,748New York City
96%
Illinois2,705,994Chicago
94%
Massachusetts694,583Boston
91%
Colorado716,492Denver
90%
Arizona1,660,272Phoenix
90%
Georgia498,044Atlanta
89%
Texas2,325,502Houston
89%
Nevada644,644Las Vegas
89%
Hawaii347,397Honolulu
88%
Washington744,955Seattle
86%
Louisiana391,006New Orleans
86%
Pennsylvania1,584,138Philadelphia
86%
Michigan672,662Detroit
85%
Oregon653,115Portland
82%
Indiana867,125Indianapolis
82%
Maine66,417Portland
82%
Utah200,591Salt Lake City
81%
Missouri491,918Kansas City
81%
Mississippi164,422Jackson
79%
Oklahoma649,021Oklahoma City
78%
Minnesota425,403Minneapolis
78%
Tennessee669,053Nashville
76%
Alaska291,538Anchorage
75%
Maryland602,495Baltimore
71%
Idaho228,790Boise
71%
Arkansas197,881Little Rock
70%
Ohio892,533Columbus
68%
Florida903,889Jacksonville
67%
Iowa216,853Des Moines
64%
New Mexico560,218Albuquerque
63%
North Carolina872,498Charlotte
63%
Alabama209,880Birmingham
60%
Kentucky620,118Louisville
58%
Wisconsin592,025Milwaukee
58%
Rhode Island179,335Providence
58%
Nebraska468,262Omaha
55%
West Virginia47,215Charleston
55%
South Carolina136,208Charleston
55%
Wyoming63,957Cheyenne
50%
New Jersey282,090Newark
50%
Kansas389,255Wichita
38%
North Dakota124,844Fargo
38%
Virginia450,189Virginia Beach
36%
Montana109,550Billings
32%
South Dakota181,883Sioux Falls
29%
Delaware70,635Wilmington
28%
Vermont42,899Burlington
26%
New Hampshire112,525Manchester
24%
Connecticut144,900Bridgeport
21%

Score Distribution

Percentile by Number Answered

Percent of People with Each Score

Your Score History

You have not taken this quiz since the last reset